Reinke, Johann, Die Kunst der Weltanschauung: [Rezension]

Saved in:  
Bibliographic Details
Main Author: Dorner, August 1846-1920 (Author)
Format: Print Review
Language:German
Check availability: HBZ Gateway
Interlibrary Loan:Interlibrary Loan for the Fachinformationsdienste (Specialized Information Services in Germany)
Published: 1911
In: Theologische Literaturzeitung
Year: 1911, Volume: 36, Issue: 23, Pages: 724-725
Review of:Die Kunst der Weltanschauung (Heilbronn : Salzer, 1911) (Dorner, August)
Further subjects:B Book review
Parallel Edition:Electronic

MARC

LEADER 00000caa a22000002c 4500
001 1476196826
003 DE-627
005 20240705204404.0
007 tu
008 140519s1911 xx ||||| o 00| ||ger c
035 |a (DE-627)1476196826 
035 |a (DE-576)406196826 
035 |a (DE-599)BSZ406196826 
040 |a DE-627  |b ger  |c DE-627  |e rakwb 
041 |a ger 
084 |a 1  |2 ssgn 
100 1 |0 (DE-588)116187417  |0 (DE-627)134330404  |0 (DE-576)160771218  |4 aut  |a Dorner, August  |d 1846-1920 
109 |a Dorner, August 1846-1920  |a Dorner, August Johannes 1846-1920  |a Dorner, August J. 1846-1920  |a Dorner, Augustus 1846-1920  |a Dorner, A. 1846-1920  |a Dorner 1846-1920 
245 1 0 |a Reinke, Johann, Die Kunst der Weltanschauung  |b [Rezension]  |c August Dorner 
264 1 |c 1911 
336 |a Text  |b txt  |2 rdacontent 
337 |a ohne Hilfsmittel zu benutzen  |b n  |2 rdamedia 
338 |a Band  |b nc  |2 rdacarrier 
601 |a Weltanschauung 
601 |a Rezension 
655 7 |a Rezension  |0 (DE-588)4049712-4  |0 (DE-627)106186019  |0 (DE-576)209083166  |2 gnd-content 
773 0 8 |i In  |t Theologische Literaturzeitung  |d Leipzig : Ev. Verl.-Anst., 1876  |g 36(1911), 23, Seite 724-725  |w (DE-627)129081191  |w (DE-600)3418-6  |w (DE-576)014414023  |x 0040-5671  |7 nnas 
773 1 8 |g volume:36  |g year:1911  |g number:23  |g pages:724-725 
776 0 8 |i Erscheint auch als  |n Online-Ausgabe  |a Dorner, August, 1846 - 1920  |t Reinke, Johann, Die Kunst der Weltanschauung  |d 1911  |w (DE-627)152131182X  |w (DE-576)451311825  |k Electronic 
787 0 8 |i Rezension von  |a Reinke, Johannes, 1849 - 1931  |t Die Kunst der Weltanschauung  |d Heilbronn : Salzer, 1911  |h 203 S.  |w (DE-627)1161065458  |w (DE-576)091065453 
935 |a mteo 
951 |a AR 
ELC |b 1 
ITA |a 1  |t 1 
LOK |0 000 xxxxxcx a22 zn 4500 
LOK |0 001 2797867734 
LOK |0 003 DE-627 
LOK |0 004 1476196826 
LOK |0 005 20180416090820 
LOK |0 008 140415||||||||||||||||ger||||||| 
LOK |0 035   |a (DE-21)37360 
LOK |0 040   |a DE-21  |c DE-627  |d DE-21 
LOK |0 852   |a DE-21 
LOK |0 852 1  |c Gd 114.4-36.1911  |9 00 
LOK |0 935   |a theo  |a ixrz 
LOK |0 939   |a 15-04-14  |b l01 
ORI |a SA-MARC-ixtheoa001.raw